| 000 | 00466pab a2200169 454500 | ||
|---|---|---|---|
| 008 | 180718b2009 xxu||||| |||| 00| 0 eng d | ||
| 100 | _aOfrenco, Rene E. | ||
| 245 | _aDevelopment choices for Philippine textiles and garments in the post-MFA era | ||
| 260 | _c2009 | ||
| 300 | _ap.543-61. | ||
| 362 | _aNov | ||
| 650 | _aPhilippine - Textile industries | ||
| 650 | _aTextile industry | ||
| 773 | _aJournal of Contemporary Asia | ||
| 908 | _aN | ||
| 909 | _a84121 | ||
| 999 |
_c84121 _d84121 |
||